Ochrana osobných údajov - pravidlá
Definícia osobných údajov. Získavanie osobných údajov. Práva dotknutej osoby. Dohľad nad ochranou osobných údajov. Cezhraničný tok osobných údajov. Povinnosť registrácie a evidencie. Osobitná registrácia.
Saved in:
| Main Author: | |
|---|---|
| Format: | Book Chapter |
| Language: | Slovak |
| Subjects: | |
| Tags: |
No Tags, Be the first to tag this record!
|
MARC
| LEADER | 00000naa$a2200000$$$4500 | ||
|---|---|---|---|
| 001 | 0078004 | ||
| 005 | 20231013072554.0 | ||
| 041 | 0 | |a slo | |
| 044 | |a SK | ||
| 245 | 1 | 0 | |a Ochrana osobných údajov - pravidlá |c Eva Kováčiková |
| 520 | |a Definícia osobných údajov. Získavanie osobných údajov. Práva dotknutej osoby. Dohľad nad ochranou osobných údajov. Cezhraničný tok osobných údajov. Povinnosť registrácie a evidencie. Osobitná registrácia. | ||
| 610 | 2 | 0 | |a ochrana údajov osobných |
| 610 | 2 | 0 | |a dozor |
| 610 | 2 | 0 | |a legislatíva |
| 610 | 2 | 0 | |a Slovensko |
| 100 | 1 | |a Kováčiková, Eva | |